Welcome to CU Library Online Public Access Catalogue (OPAC)

Urban Economics/ (Record no. 9020)

MARC details
000 -LEADER
fixed length control field 00445nam a22001697a 4500
005 - DATE AND TIME OF LATEST TRANSACTION
control field 20260313143951.0
008 - FIXED-LENGTH DATA ELEMENTS--GENERAL INFORMATION
fixed length control field 260313b |||||||| |||| 00| 0 eng d
020 ## - INTERNATIONAL STANDARD BOOK NUMBER
International Standard Book Number 0256263310
020 ## - INTERNATIONAL STANDARD BOOK NUMBER
International Standard Book Number 9780256263312
050 ## - LIBRARY OF CONGRESS CALL NUMBER
Classification number HT321 O'SU
100 ## - MAIN ENTRY--PERSONAL NAME
Personal name O'Sullivan Arthur
245 ## - TITLE STATEMENT
Title Urban Economics/
Statement of responsibility, etc. Arthur O'Sullivan
250 ## - EDITION STATEMENT
Edition statement 4th Ed.
260 ## - PUBLICATION, DISTRIBUTION, ETC.
Place of publication, distribution, etc. Boston
Name of publisher, distributor, etc. Irwin/McGraw-Hill
Date of publication, distribution, etc. 2000
500 ## - GENERAL NOTE
General note Includes Index
942 ## - ADDED ENTRY ELEMENTS (KOHA)
Source of classification or shelving scheme Library of Congress Classification
Koha item type Books
Edition 4th Ed.
Suppress in OPAC No
999 ## -
-- 9020
-- 9020
Holdings
Withdrawn status Lost status Source of classification or shelving scheme Damaged status Not for loan Collection Home library Current library Shelving location Date acquired Total checkouts Full call number Barcode Date last seen Copy number Price effective from Koha item type
    Library of Congress Classification     Non-fiction Business Library (Miotso) Business Library (Miotso) General stacks 03/11/2026   HT321 O'SU BSSM00002737 03/13/2026 1 03/11/2026 Books
    Library of Congress Classification     Non-fiction Business Library (Miotso) Business Library (Miotso) General stacks 03/11/2026   HT321 O'SU BSSM00002738 03/13/2026 2 03/11/2026 Books
© 2023-2024 Copyright: Central University Libraries. All Rights Reserved | Created by: Mahone Tech Office